000 01505nam a2200313 a 4500
001 BRCA_3143
005 20190320204130.0
008 050209s1869----fr-a---###---#000-0dfre-u
041 _afre
044 _afr
084 _a447
_b.H34
_c1869
100 1 _aCervantes Saavedra, Miguel de
_d1547-1616
_9213
245 1 0 _aL´Ingenieux Hidalgo Don Quichotte de la Manche
_cMiguel de Cervantes Saavedra ; Traduction de Louis Viardot.
260 _aParís
_bHachette
_c1869
300 _a2 v.
_bil.
_c39 cm.
500 _aContenido : v 1. Primera parte. Noticia sobre la vida y obra de Cervantes por L. Viardot. Prólogo del autor. Noticias. Texto. -- v 2. Segunda parte. Prólogo de Cervantes. Texto
500 _aEdición : Avec 370 Compositions de Gustave Doré Gravées sur Bois par H. Pisan
500 _aReproducción de la edición publicada por los mismos editores en 1863, con mayor número de ilustraciones hechas por Doré, pero en papel menos lujoso y en algo menor tamaño. Semipiel; lomeras decoradas con dorados Lúdovik Osterc
500 _aQM370
546 _aTexto en : francés
650 1 4 _aNovela española
_yÉpoca clásica, 1500-1700
_9215
650 1 4 _aLiteratura española
_yÉpoca clásica, 1500-1700
_9216
650 1 4 _aNovela española
_ySiglo XVII
_9217
650 1 4 _aDon Quijote (Personaje ficticio)
_eNovela
_9218
700 1 _aDoré, Paul Gustave
_d1832-1883
_eIlustrador
_98505
740 0 _aEl Ingenioso Hidalgo Don Quijote de la Mancha
902 _aQFM
942 _2lcc
_cB
999 _c2879
_d2879